Lumír Šindelář : obrazy - kresby - medaile : výstava na zámku v Nelahozevsi v říjnu 1972 /

Korporativní autor: Nelahozeves (zámek)
Další autoři: Šindelář, Lumír, 1925-2010, Smíšek, Jan, 1926-2003
Jazyk: Čeština
Vydáno: Praha : Středočeská galerie, 1972
Fyzický popis: 1 nestránkovaný sv.
Knihy
Uloženo v:
LEADER 00839nam a2200217 a 4500
001 000624694
003 CZ BrMZK
005 20041022130139.0
008 020923s1972 xr f cze d
040 |a BOA001  |b cze  |c BOA001 
245 0 0 |a Lumír Šindelář :  |b obrazy - kresby - medaile : výstava na zámku v Nelahozevsi v říjnu 1972 /  |c úvodní text Jan Smíšek 
246 3 3 |a Obrazy - kresby - medaile 
260 |a Praha :  |b Středočeská galerie,  |c 1972 
300 |a 1 nestránkovaný sv. 
500 |a Katalog výstavy 
700 1 |a Šindelář, Lumír,  |d 1925-2010  |7 mzk2003202362  |4 hnr 
700 1 |a Smíšek, Jan,  |d 1926-2003  |7 jk01120083  |4 wfw 
710 2 |a Nelahozeves (zámek)  |7 ko2002101857 
910 |a BOA001  |b X-0698.525 
990 |a BK 
996 6 |b 2619326683  |c X-0698.525  |l MZK  |r Sklad / do 24 hodin  |n 2  |w 000624694  |u 000010  |a 1  |e BOA001  |j MZK50  |s P